ՀՀ Գիտությունների ազգային ակադեմիայի հիմնարար գիտական գրադարան  =   Fundamental Scientific Library of NAS RA

О стиле лирики Галактиона Табидзе / (Record no. 269340)

MARC details
000 -LEADER
fixed length control field 00724nam a2200217 a 4500
001 - CONTROL NUMBER
control field 000728675
003 - CONTROL NUMBER IDENTIFIER
control field AM-YeHGA
005 - DATE AND TIME OF LATEST TRANSACTION
control field 20250617143104.0
008 - FIXED-LENGTH DATA ELEMENTS--GENERAL INFORMATION
fixed length control field 100414s1966 ||| r 000 0 geo d
040 ## - CATALOGING SOURCE
Original cataloging agency AM-YeHGA
041 0# - LANGUAGE CODE
Language code of text/sound track or separate title geo
090 ## - LOCALLY ASSIGNED LC-TYPE CALL NUMBER (OCLC); LOCAL CALL NUMBER (RLIN)
-- 270977
100 1# - MAIN ENTRY--PERSONAL NAME
Personal name Киквадзе, Мурман Кириллович
245 10 - TITLE STATEMENT
Title О стиле лирики Галактиона Табидзе /
Statement of responsibility, etc. М.К. Киквадзе; АН ГССР.
260 ## - PUBLICATION, DISTRIBUTION, ETC.
Place of publication, distribution, etc. Тбилиси :
Name of publisher, distributor, etc. Мецниереба,
Date of publication, distribution, etc. 1966.
300 ## - PHYSICAL DESCRIPTION
Extent 175 с.
546 ## - LANGUAGE NOTE
Language note Груз.
600 14 - SUBJECT ADDED ENTRY--PERSONAL NAME
Personal name Табидзе, Галактион
653 0# - INDEX TERM--UNCONTROLLED
Uncontrolled term Грузинская советская поэзия
710 2# - ADDED ENTRY--CORPORATE NAME
Corporate name or jurisdiction name as entry element Академии наук ГССР
Holdings
Withdrawn status Lost status Damaged status Not for loan Collection Home library Current library Date acquired Total checkouts Full call number Barcode Date last seen Price effective from Koha item type Public note
        General Fundamental Scientific Library Fundamental Scientific Library 29/12/2016   PII/541876 FL0153676 29/12/2016 29/12/2016 Գրքեր / Books 30 Days Loan


ՀՀ ԳԱԱ հիմնարար գիտական գրադարան
ՀՀ,Երևան 0019
Մարշալ Բաղրամյան 24/6
հեռախոս:(374-10) 52-47-50
Հետադարձ կապ

All site content, except where otherwise noted, is licensed under a
Creative Commons License